000
00181 a2200085 4500
020
_a
0241106214
082
_b
EJF DEN
100
_a
Richard dennant
_9
180267
245
_a
The Video affair
999
_c
755000
_d
754999
942
_w
395
_x
Kholofelo Moabelo
_y
395
_z
Kholofelo Moabelo